Chirurgické riešenie komplikácií arteriovenóznych fistúl pre potreby hemodialýzy A-V fistuly pre dialýzu

Bibliographic Details
Main Authors: Šinák, Igor (Author), Hlinka, Ľuboš (Author), Talapková, Renata (Author), Straka, M. (lekár) (Author), Mazuch, Július, 1936- (Author), Ježíková, Alena (Author), Funiaková, Soňa (Author)
Format: Article
Language:Slovak
PhysicalDescription:Tab.
ISSN:1210-5406
Subjects:

MARC

LEADER 00000nab a2200000 a 4500
001 vtls000888277
003 SK-MaSNL
005 20260303122505.0
008 160405c2004 xo 0 slo
015 |a SNBRB2004/10-30389 
035 |a CLN000239712 
040 |a SNKBUCL  |b slo  |c SNKBUCL  |e AACR2 
041 0 |a slo 
044 |a xo  |c SK 
080 |a 616.13/.14-089.86-06:061.3  |2 1997 
245 0 0 |a Chirurgické riešenie komplikácií arteriovenóznych fistúl pre potreby hemodialýzy  |b A-V fistuly pre dialýzu  |c R. Talapková ... [et al.] 
300 |b Tab. 
504 |a Res. angl., slov. 
504 |a Bibliogr. odkazy 
650 0 7 |a fistula arteriovenózna  |x komplikácie  |2 MESH  |9 1137147 
650 0 7 |a výkony chirurgické na cievach  |2 MESH  |9 873113 
650 0 7 |a hemodialýza  |2 MESH  |9 2478 
650 0 7 |a kongresy (publikačný typ)  |2 MESH  |9 846472 
655 7 |a články z novín a časopisov  |2 snkbucl  |9 267496 
700 1 |a Šinák, Igor  |4 aut  |9 208241 
700 1 |a Hlinka, Ľuboš  |4 aut  |9 208245 
700 1 |a Talapková, Renata  |4 aut  |9 28549 
700 1 |a Straka, M.  |c (lekár)  |4 aut  |9 1137148 
700 1 |a Mazuch, Július,  |d 1936-  |4 aut  |9 196151 
700 1 |a Ježíková, Alena  |4 aut  |9 20862 
700 1 |a Funiaková, Soňa  |4 aut  |9 9945 
773 0 |x 1210-5406  |t Praktická flebologie  |g Roč. 13, č. 2 (2004), s. 69-71 
850 |a Slovenská národná knižnica v Martine 
852 |a SNK  |b KIS3GCP 
958 |a MI 
958 |a NB 
958 |a RBX 
999 |c 1921213  |d 1923143